Caracas es el pueblo
Saved in:
| 主要作者: | |
|---|---|
| 格式: | 圖書 |
| 語言: | 西班牙语 |
| 出版: |
Caracas
Dirección general de cultura de la gobernación del distrito federal
1976
|
| 主題: | |
| 標簽: |
添加標簽
沒有標簽, 成為第一個標記此記錄!
|
MARC
| LEADER | 00000nam a2200000 a 4500 | ||
|---|---|---|---|
| 001 | UCO3780 | ||
| 003 | CL-VaPUC | ||
| 008 | 000720e19760000VE |||||||||||||||||spa|d | ||
| 082 | 0 | 4 | |a 987 |b MAG |2 21 |
| 100 | |a Magallanes, Manuel Vicente |e autor |9 529548 | ||
| 245 | 1 | 0 | |a Caracas es el pueblo |
| 300 | |a 27 p | ||
| 942 | |c BK | ||
| 945 | |d 20000720 00:00:00 |a crobeson | ||
| 260 | |a Caracas |b Dirección general de cultura de la gobernación del distrito federal |c 1976 | ||
| 650 | 0 | |a Historia de Venezuela |9 446382 | |
| 650 | 0 | |a Discursos |9 265028 | |
| 651 | 0 | |a Venezuela |9 254993 | |
| 583 | |a last modification |c 20000720 00:00:00 |k Rodrigo Vera | ||
| 999 | |c 289911 |d 289909 | ||
| 952 | |0 0 |1 0 |4 0 |6 987_000000000000000_MAG_1976 |7 0 |8 A |9 338878 |a BIBHIS |b BIBHIS |d 2019-11-20 |i 1201018 |o 987 MAG 1976 |p 1201018 |r 2025-01-20 |w 2019-11-20 |y BK |k HIS | ||